000
00301nam a22001337a 4500
008
180109b xxu||||| |||| 00| 0 eng d
020
_a
094615126
041
_a
eng
080
_a
610
100
_a
4
101
_a
SHM
245
_a
Clinical Guidelines in Adult Health
_c
Uphold, C.R
942
_2
udc
_c
BK
999
_c
39947
_d
39947